[Event "Canadian Closed"]
[Site "?"]
[Date "2023.04.10"]
[Round "7"]
[White "Sambuev, Bator"]
[Black "Rodrigue-Lemieux, Shawn"]
[Result "0-1"]
[WhiteElo "2514"]
[BlackElo "2539"]
[Annotator "Shawn Rodrigue-Lemieux"]
[PlyCount "70"]
[EventDate "2023.??.??"]
[SourceTitle "Chess Canada '24.08"]
[Source "CFC/John Upper"]
[SourceDate "2024.08.27"]
[SourceVersion "1"]
[SourceVersionDate "2024.08.21"]
[SourceQuality "1"]

{[%mdl 32768][%evp 0,70,18,20,32,0,6,20,34,27,33,26,19,21,20,20,45,27,21,21,46,
25,14,22,24,28,20,18,15,15,15,0,5,26,26,21,28,8,12,-2,13,11,0,-58,-40,-76,-79,
-103,-127,-127,-127,-127,-127,-127,-127,-127,-122,-122,-119,-119,-119,-139,
-208,-310,-332,-330,-324,-335,-324,-346,-338,-341,-316] This game was crucial
for me in this tournament, as Bator was leading with 5. 5/6 while I had 4.5/6.
It was a must-win for me.} 1. d4 Nf6 2. c4 e6 3. Nc3 Bb4 4. e3 O-O 5. Bd3 d5 6.
Nf3 c5 7. O-O cxd4 8. exd4 dxc4 9. Bxc4 b6 {[#] Bator and I have both played
this line many times, and we have analyzed it many times together as well, so
it was a preparation battle.} 10. Qe2 Bb7 11. Rd1 h6 {This move is quite
important, as it prevents Bg5.} ({editor - this is a well-explored position,
where Black's most frequent moves are ...Bxc3 and ...Nbd7. Here are two
prominant examples:} 11... Bxc3 12. bxc3 Qc7 13. Bb2 Bxf3 $5 14. Qxf3 Qxc4 $1
15. Qxa8 Nc6 16. Qb7 Nd5 17. Re1 $6 Rb8 $1 18. Qd7 Rd8 $1 $19 19. Qb7 h5 $6 (
19... Na5 $142 $19) 20. Bc1 $2 Na5 $1 $19 21. Qxa7 Qc6 22. Qa6 Nc4 23. Rb1 Nc7
{0-1 Vladimirov,Y (2612)-Kasparov,G (2838), Batumi (rapid), 2001.}) (11... Nbd7
12. d5 {A drawing line.} Bxc3 13. dxe6 Bxf3 14. Qxf3 (14. gxf3 fxe6 15. bxc3
Qc7 16. Bxe6+ Kh8 17. Qc4 Qb7 18. Bxd7 Nxd7 19. Qd5 Qxd5 20. Rxd5 Nc5 21. Ba3
Rxf3 22. Bxc5 bxc5 23. Rxc5 $11 {with several GM draws from here, including
Ivanchuk,V (2738)-So,W (2812) Leuven, 2017.}) 14... Ne5 15. exf7+ Kh8 16. Rxd8
Nxf3+ 17. gxf3 Raxd8 18. bxc3 Nd5 19. Bg5 Rd7 20. Re1 h6 21. Bxd5 Rxd5 22. Re8
Kh7 23. Rxf8 Rxg5+ 24. Kf1 Rf5 {Sarana,A (2706)-So,W (2757) Chess.com Play In
Match Div 1 rapid 2024 (2.3) 1/2-1/2 also with several GM draws, including:}
25. Ke2 {Tal,M-Gipslis,A LAT-ch22 Riga 1965 (13) 1/2-1/2}) 12. h3 (12. Bf4 {
was chosen by Bator earlier in the same tournament. [#]} Nc6 ({editor - and
several other times in 2023:} 12... Re8 13. Ne5 Nbd7 14. Rd3 Bxc3 15. bxc3 Nxe5
16. dxe5 Nd5 17. Qg4 ({editor -} 17. Bxh6 $5) 17... h5 18. Qg3 Qc7 19. Bh6 g6
20. Bxd5 Bxd5 21. Bg5 Rac8 22. Bf6 $16 Qc4 23. Rad1 Qg4 24. Qxg4 hxg4 25. Rd4
Rc4 26. Rxc4 Bxc4 27. Rd4 Rc8 28. Rxg4 $18 {(1-0, 69) Sambuev,B (2487)-Tanaka,
T (2357) Ottawa, 2023.}) (12... Nd5 13. Nxd5 Bxd5 14. Bd3 Nd7 15. a3 Be7 16.
Ba6 Nb8 17. Bb5 Bd6 18. Ne5 Qe7 19. Rac1 a6 20. Bd3 Qb7 21. Qg4 (21. Bxh6 $3
$16) 21... f5 22. Qg3 Bxe5 23. dxe5 b5 24. Be2 Kh7 25. Bf3 Bxf3 26. Qxf3 Qxf3
27. gxf3 $32 {1-0 (49) Sambuev,B (2480)-Moses,N (1913) Toronto, 2023.}) 13. a3
Bxc3 14. bxc3 Rc8 15. Ba2 Qe7 ({editor -} 15... Na5 $142 {with the idea ...
Bxf3 and ...Nc4.}) 16. c4 Rfd8 17. Rd3 Nh5 18. Bd2 Nf6 19. Re1 {editor - with
a similar but more effective piece arrangement as in the main game.} Qd6 20.
Bc3 Ba6 21. Qb2 Na5 22. Bxa5 bxa5 23. Ne5 Nd7 24. Nxf7 $1 Kxf7 25. c5 Nxc5 $8
26. Rf3+ {[%mdl 64] Analysis Diagram[#] Critical Position} Kg6 $4 ({editor -
Black has a highly tactical save:} 26... Kg8 $8 27. dxc5 Rxc5 $8 28. Rxe6 Qd1+
$8 29. Re1+ Bc4 $8 $13 (29... Kh8 $4 30. Rf8+ $8 $18)) 27. dxc5 Rxc5 28. Bb1+
$18 Rf5 29. Bxf5+ ({editor -} 29. g4 {also wins.}) 29... exf5 30. Rg3+ Kh5 31.
Qxg7 {1-0 Sambuev,B (2433)-Latorre,V (2066) Toronto, Can Ch. 2023.}) {editor -
back to Shawn's notes:} 12... Re8 {[#] A waiting move, making it harder for
White to play d5, which would force a mass liquidation.} 13. Bf4 Nd5 14. Bd2
Nc6 15. Bd3 (15. Bxd5 exd5 16. Qd3 {is a safe way to play for White, but it
gives Black easier play with the pair of Bishops.}) 15... Nf6 {[#] Even though
my opponent is well-known for his mastery of isolated pawn positions, this
variation gives Black very good winning chances. Here, it is not so easy for
White to create attacking chances, while Black easily blockades the isolated
pawn. If White cannot create play quickly, Black is better in the long run due
to the pawn structure.} 16. a3 Bf8 17. Rac1 Rc8 18. Bb5 {This pin is slightly
unpleasant, so I had to look for a way to move my Rook in order to play ...Ne7.
So...} Bd6 $1 19. Be3 {[#]} Rf8 $1 {A counterintuitive maneuver, but an
extremely powerful one. White's pieces aren't perfectly positioned for this
structure, as the b5-Bishop should be on the b1-h7 diagonal. After ...Ne7-f5,
White has no play at all.} 20. Ne5 Ne7 {It's important for Black to prevent d5,
otherwise White would get rid of their weakness.} 21. Rd3 (21. Ba6 Bxa6 22.
Qxa6 Nfd5 {is still slightly better for Black, but White has great chances to
hold. Trading a few pieces stabilizes the position.}) 21... Nf5 22. Bd2 $6 ({
editor - SF16 prefers giving up on the hopes of swinging the R to the kingside
and coordinating with} 22. Rdd1) 22... Bb8 23. Re1 {White's pieces aren't
looking great!} a6 24. Ba4 b5 25. Bb3 {[#]} Nxd4 $1 26. Qd1 Bxe5 27. Rxe5 Qc7
28. Bf4 Nxb3 29. Qxb3 Nd7 30. Re4 (30. Re1 Qxf4 31. Rxd7 Bc6 32. Rdd1 {is
another way to play for White, but Black is simply dominating with the extra
pawn.}) 30... e5 {[#]} 31. Qd1 $4 (31. Nd5 $1 {is a nice move to keep the game
going.} Bxd5 (31... Qd6 32. Qd1 {is the key idea, after which} exf4 $4 {
is met with} 33. Ne7+ $18) (31... Qc2 32. Ne7+ Kh7 33. Nxc8 Qxb3 34. Rxb3 Bxe4
35. Nd6 Bxg2 36. Bxe5 Nxe5 37. Kxg2 Rd8 {wins for Black.}) 32. Qxd5 Rcd8 33.
Rc3 Qb6 34. Be3 Qg6 {is obviously unpleasant for White, but there is no clear
win for Black.}) 31... Bxe4 32. Rxd7 Rfd8 {Forcing even more trades.} 33. Rxd8+
Rxd8 34. Qe2 exf4 35. Qxe4 Qd6 {Probably my best game ever in terms of
precision, and it came at an important moment. After this game, I was tied
with Bator Sambuev and Nikolay Noritsyn, and we all ended up tying for first
place with 7.5/9, with Nikolay winning the national title on tiebreaks.} 0-1

[Event "Transnational Championship"]
[Site "?"]
[Date "2023.06.10"]
[Round "7"]
[White "Rodrigue-Lemieux, Shawn"]
[Black "Woodward, Andy"]
[Result "1-0"]
[WhiteElo "2469"]
[BlackElo "2466"]
[Annotator "Shawn Rodrigue-Lemieux"]
[PlyCount "143"]
[EventDate "2023.??.??"]
[SourceTitle "Chess Canada '24.08"]
[Source "CFC/John Upper"]
[SourceDate "2024.08.27"]
[SourceVersion "1"]
[SourceVersionDate "2024.08.21"]
[SourceQuality "1"]

{[%mdl 32768][%evp 0,143,25,18,43,37,73,53,48,41,43,38,30,28,28,17,-5,-5,9,8,0,
-21,-32,-36,-28,-21,-34,-45,-48,-50,-46,-48,-31,-48,-32,-45,-34,-90,-61,-45,
108,99,90,105,88,88,88,74,55,71,70,70,75,68,79,77,76,58,62,71,72,75,75,26,72,
64,53,15,73,0,12,7,63,0,218,203,257,253,387,396,417,423,455,455,469,478,478,
494,485,485,505,487,505,505,505,505,505,505,499,505,513,510,512,512,512,394,
394,384,392,395,401,401,402,408,408,401,401,405,408,461,470,477,474,492,492,
492,962,982,992,992,1002,982,982,982,1002,1032,1032,1032,29991,29992,29993,
29994,29995,29996,29999,29999] After a solid draw with Black against Awonder
Liang in round 6, I was paired against another American prodigy in round 7,
Andy Woodward, this time with the White pieces. I had 4.5/6, and I most likely
needed 1.5/3 in the final rounds to earn a Grandmaster norm.} 1. e4 c5 2. Nf3
d6 3. Bb5+ {[#] Avoiding Najdorf was by far my best chance against such a
strong and fast calculator!} Bd7 4. Bxd7+ Nxd7 5. O-O Ngf6 6. Qe2 e6 7. d4 cxd4
8. Nxd4 {[#] My preparation ended here, and I was satisfied with this position.
White has a space advantage and an easy development, while Black's plans seem
less straightforward.} Rc8 9. c4 {Establishing a Maroczy Bind, one of the most
solid structures in chess. With the light square Bishops already traded, I
thought I was better since my central Pawns don't block my Bishop anymore.} Qa5
{After my opponent blitzed out this move, I started to get worried! I had not
expected this idea, and Andy was clearly still familiar with this position.}
10. b3 Qe5 {[#] The idea behind Black's last move. White will lose the e4-Pawn,
but will get a huge development lead to compensate. My opponent later
confessed that he had played this position before, and that he knew the
position was still equal. Even though I was losing a Pawn, I also knew that
White could not be worse with accurate play, due to the development and space
advantage.} 11. Bb2 Qxe4 12. Qd2 Qg6 13. Nc3 a6 14. f4 {[#] White must create
counterplay as quickly as possible, otherwise Black will simply consolidate
his extra Pawn!} Qh5 15. f5 e5 16. Rae1 Be7 17. Nc2 O-O 18. Re3 {[#]} Qg5 $6 (
18... d5 $1 {is a very powerful move for Black, opening up the center and
threatening ...Bc5.} 19. Rh3 (19. cxd5 $4 {loses to} Bc5 $19) 19... Qg4 20. Qe1
(20. cxd5 $2 {gives Black a solid advantage after} Ne4 21. Qe1 Nxc3 22. Rxc3
Rxc3 23. Bxc3 Rc8 {since Black's pieces join the game extremely quickly.})
20... d4 ({The engine recommends} 20... g5 $5 {an incredible move that
prevents Rh4, trapping the Queen; and somehow White has no way to take
advantage of Black's weakened position!}) 21. Rh4 Qxh4 22. Qxh4 dxc3 23. Bxc3
b5 {Black sacrifices a Queen, but gets a Rook and a Knight for it, as well as
some quick counterplay on the Queenside. With White's poor coordination, the
position is simply equal.}) 19. Qe1 {[#] My opponent forgot about this strong
maneuver. The idea is to play Bc1, and the Queen is quickly running out of
squares to escape!} h5 (19... Nh5 $1 {was a better way to deal with the threat
of Bc1,} 20. Bc1 d5 $1 21. Re2 Bc5+ 22. Kh1 Qd8 23. Nxd5 Nhf6 24. Bg5 h6 25.
Bh4 Be7 26. Nxe7+ Qxe7 27. Ne3 {White has won the Pawn back and maintains a
better position due to his initiative, but Black remains totally in the game.})
({Black does not have time for} 19... b5 {since the Queen is trapped after} 20.
Rg3 Qh5 (20... Qh4 {is impossible due to} 21. Rxg7+ Kxg7 22. Qxh4 $18) 21. Rh3
Qg4 22. Rh4 Qg5 23. Bc1 {and the Queen is trapped.}) 20. Bc1 Qh6 {[#]} 21. Rxe5
$6 {Too materialistic.} (21. Rh3 {would've been a better way to proceed,
forcing the Queen to a passive square:} Qh7 22. Qd1 b5 23. Ne3 bxc4 24. bxc4 {
White is still down a Pawn, but the initiative and activity are overwhelming.})
21... Qxc1 22. Qxc1 dxe5 23. Kh1 b5 {Black suddenly gets a lot of counterplay
very quickly, and I don't have enough time to consolidate my material
advantage.} 24. Ne3 Nb6 $2 {[#]} 25. Qd1 $2 (25. g4 $1 {is a great opportunity
that we both missed during the game. The idea is that White gets a strong
attack without wasting any time, and Black doesn't have time to execute
counterplay on the Queenside!} hxg4 26. Rg1 {is devastating, with Nxg4 coming
next.}) 25... bxc4 26. bxc4 Rfd8 27. Ncd5 Nbxd5 28. Nxd5 Nxd5 29. cxd5 {[#]}
Rc5 $1 ({Holding onto the h-Pawn with} 29... h4 {would be inaccurate, since
White would now be in time to defend his d5-Pawn with:} 30. Qd3 Rc5 31. Rd1 $16
) 30. Qxh5 Rcxd5 31. g4 {[#]} e4 $1 {The idea which I missed. Black generates
counterplay while preventing my attack. The key is that it will take White
some time to play g5 and f6, since the Rook on d5 pins the g-pawn.} 32. g5 e3 {
After this move, I realized that the position was getting tricky and that my
attack was not as powerful as anticipated.} 33. h4 (33. Qf3 $2 {is refuted by
the simple} Bxg5 $17) (33. f6 {is ineffective due to} Bxf6) (33. g6 {most
likely leads to a draw after} fxg6 34. Qxg6 (34. fxg6 $4 {is impossible
because of} Rxh5 $19) 34... Bf6 35. Rg1 Rd1 36. Rxd1 Rxd1+ 37. Kg2 Rd2+ 38. Kf3
e2 39. Qe8+ Kh7 40. Qg6+ {and White has nothing better than a draw.}) 33... Re5
{A strong move, maintaining the pin along the 5th rank.} 34. Re1 Bb4 35. Re2
Rd2 (35... Rxf5 36. Rxe3 g6 37. Qg4 {should be a draw, although Black is
probably the one putting pressure.}) 36. f6 {[#] Trying to create attacking
chances on Black's King.} gxf6 $6 {I was very happy to see this move on the
board, since it gives me legitimate play on Black's King.} ({I was hoping for} 
36... Rxe2 $4 {which loses after} 37. fxg7 Kxg7 38. Qh6+ Kg8 39. g6 fxg6 40.
Qxg6+ Kh8 41. Qf6+ Kh7 42. Qxe5 {with a winning endgame for White, since Black
has an exposed King and a lack of coordination.}) (36... g6 37. Qf3 Rxe2 38.
Qxe2 a5 $11 {was probably the simplest option, where neither side can play for
more than a draw.}) 37. Qg4 $1 {[#]} f5 $2 (37... Bf8 {is the only move to
stay in the game. However, my opponent understandably rejected it in view of}
38. gxf6+ Kh7 39. Rxe3 Rxe3 40. Qf5+ Kh8 41. Qh5+ Kg8 42. Qg5+ Kh8 43. Qxe3 {
but Black is somehow holding after} Rxa2 44. Qb3 Ra1+ 45. Kg2 Kg8) 38. Qxb4 Rb5
{[#] A very resourceful idea that does not work because of one detail.} 39. Qc4
Rb1+ 40. Kg2 Rbb2 41. Qc8+ Kh7 42. Qxf5+ Kg8 43. Qc8+ Kh7 {[#]} 44. g6+ $1 {
The idea missed by my opponent when he played 36...gxf6.} (44. Rxd2 exd2 {
and White cannot stop d1=Q without playing g6, since} 45. Qd7 {fails to} d1=Q+
$19 {with a devastating discovered check.}) 44... fxg6 (44... Kg7 {allows
White to simplify with} 45. Qc3+ Kxg6 46. Qxb2 $18) (44... Kxg6 {also allows
White to simplify, this time with} 45. Qg8+ Kh6 46. Qh8+ Kg6 47. Qxb2 Rxb2 48.
Rxb2 $18) 45. Qc7+ Kh6 46. Qf4+ Kh7 47. Qf7+ Kh6 48. Qf8+ Kh7 49. Qe7+ Kg8 50.
Rxd2 exd2 {[#]The key idea was to give a check on the d-file, in order to move
the King away from the second rank.} 51. Qd8+ Kh7 52. Kg3 Rxa2 53. Qe7+ Kh6 54.
Qd8 Kh7 {[#]} 55. Kf3 $2 ({More accurate was} 55. Qe7+ Kh6 56. Qf8+ Kh7 57.
Qf7+ Kh8 (57... Kh6 58. Qg8 $1 {forces} g5 59. Qxg5+ Kh7 60. Qe7+ Kh6 61. Qd6+
Kg7 62. Kf3 $18) 58. Qd7 $1 {forcing Black's King to the back rank. White's
threat to bring the K to h6 or g6 forces Black to give up the d2-pawn.} Ra5 59.
Qxd2 Rh5 ({Black ideally wants to play} 59... Rf5 {and ...Kg7 in order to make
the win more difficult, but simply doesn't have time to do so because of} 60.
Qh6+) 60. Kg4 {and Black doesn't have enough time to consolidate. It now
becomes clear why it was important to force Black's King to the back rank!})
55... Ra5 $1 56. Qd7+ Kg8 57. Qxd2 Rf5+ {This is the problem with 55.Kg3: the
R gets a safe post with check giving Black time to prevent Qh6!} 58. Ke4 {[#]}
a5 $2 {The final mistake, which allows White to win on the spot.} (58... Rh5 {
would've made White's position much more difficult to convert:} 59. Qd7 Kf8 (
59... Rxh4+ $2 60. Ke5 {and White's King will win the g6-pawn.}) 60. Kf3 Rf5+
61. Kg4 Kg8 62. Qc8+ Kg7 63. Qxa6 Kh7 64. Qb7+ Kh8 65. Qd7 Kg8 66. Qe7 Kh8 (
66... Rh5 67. Qf6 $18) 67. h5 $1 {The only way to make progress.} Rxh5 68. Qf8+
Kh7 69. Qf7+ Kh6 (69... Kh8 70. Qxg6 Rh4+ 71. Kf5 Rf4+ 72. Ke6 {and there is
no stalemate!}) 70. Qg8 Rg5+ 71. Kf4 Rf5+ 72. Ke4 Kg5 {Analysis Diagram [#]
This position is technically winning for White, since the Black King is not on
g8 anymore. Whenever the Queen is behind Black's King like this, the position
is almost always winning, since fortresses are impossible and White can
usually force Black into a zugzwang. I was calculating this during the game
and I knew this position was winning, but I was seriously hoping that I
wouldn't have to convert it!} 73. Qh8 Rf1 74. Ke5 Re1+ 75. Kd5 Rd1+ (75... Rf1
76. Ke6 $18) 76. Ke6 {White's main idea is to get the King behind Black's Pawn,
and then to force Black into a zugzwang.} Rf1 77. Qe5+ Rf5 78. Qh2 Rf6+ 79. Ke7
Rf5 80. Qh3 Rf4 81. Qg3+ {Analysis Diagram [#]} Kf5 (81... Rg4 82. Qe5+ Kh4 83.
Kf6 Kh3 84. Qe6 Kg3 85. Qe2 Kh3 86. Qf3+ Rg3 (86... Kh4 87. Qe3 g5 88. Qe1+ Kh3
89. Kf5 $18) 87. Qh1+ Kg4 88. Kxg6 $18) 82. Kf7 g5 83. Qd3+ Ke5+ 84. Kg6 g4 85.
Kg5 $18) 59. Qh6 $1 Kf7 60. Qh7+ Kf6 61. Qg8 {[#] We now get a similar ending
to the one analyzed, except that White still has a Pawn on h4, which makes the
winning task much easier.} Rh5 62. Kf3 g5 63. Qd8+ Kg6 64. Qd6+ Kf5 65. Qc5+
Kg6 66. Qb6+ Kg7 {[#]} 67. Kg4 (67. Qxa5 $4 {would be a monumental blunder
because of} g4+ 68. Kxg4 Rxa5 $19 {winning the Queen. When I was calculating
this line a few moves prior, I intended to play Qxa5 but luckily I saw ...g4+
before it was too late!}) 67... Rxh4+ 68. Kxg5 Rb4 69. Qc7+ Kh8 70. Kf6 {
Threating mate while preventing all the checks.} Rg4 71. Qc8+ Rg8 72. Qh3# {
After this game, I went on to draw my final 2 rounds and finished in a tie for
2nd place with 6.5/9, earning my 2nd GM norm.   This tournament was truly a
great experience for me, as I got the chance to face my first two opponents
rated over 2600, as well as a future star in Andy Woodward. It was definitely
one of the strongest tournaments in Canadian history!} 1-0